[Event "Turnier 40 / 120"]
[Site "Wien"]
[Date "2024.10.14"]
[Round "33"]
[White "Fidelity Designer 2325"]
[Black "Mephisto Berlin 68000"]
[Result "0-1"]
[BlackElo "2128"]
[WhiteElo "2114"]

{Analyse: ----> Stockfish 16} 1. e3 e5 2. b3 {Buchende} d6 {Buchende} 3. d4
{Buchbewertung Fidelity Designer 2325: -0,01} Bd7 {Buchbewertung Mephisto
Berlin 68000: +0,06 / lt. Stockfish steht Weiss knapp besser mit ca. +0,30}
4. Bb2 exd4 5. Qxd4 Nc6 6. Qe4+ Nge7 {besser ist Le6, Stockfish -0,80} 7.
Na3? {ein schwacher Zug, der Schwarz den Vorstoss d5 ermöglicht, danach ist
die Stellung im Lot, deutlich besser ist Sc3} d5 8. Qf3 Be6 9. Bb5? {ein
schlechter Zug, deutlich besser ist Se2 mit Ausgleich, Stockfish -0,90} a6
10. Be2 Ng6 11. O-O-O Bd6 {besser ist Sh4, Stockfish +0,60} 12. Qh5 Qe7 13.
Nb1 Be5 {besser ist Sb4, nach dem Textzug ist die Stellung im Lot.} 14. Ba3
Qh4 15. Qxh4 Nxh4 16. g3 Ng6 17. Nf3 Bf6 18. h4 Nge7 19. Nbd2 O-O {besser
ist h6 mit Augleich, Stockfish -0,70} 20. Ng5 Bf5 21. e4 Bxg5? {ein
schwacher Zug, klar zu bevorzugen ist Lg6, Stockfish -1,30} 22. exf5? {ganz
schlecht, nimmt den falschen Läufer, nötig ist hxg5, nach dem Textzug ist
die Stellung wieder im Lot.} Bf6 23. Bg4 {besser ist Sf3 mit Ausgleich,
Stockfish -0,40} a5 24. Rhe1 a4 25. b4 b5 {besser ist Tfe8, nach dem
Textzug ist die Partie lt. Stockfish bereits Remis durch
Stellungswiederholung, Lb2, Lxb2, Kxb2, a3+, Kb3, Sd4+, Kc3, Sc6, Kb3,....}
26. Bb2 Bxb2+ 27. Kxb2 a3+ 28. Ka1? {schwach, nötig ist Kb3 und es ist
Remis, nach dem Textzug ist Schwarz im Vorteil, Stockfish -0,80} Rfe8
{besser ist Ta4, Stockfish +0,20} 29. c3 d4 30. cxd4?? {Verlustzug, danach
ist die Partie bereits klar verloren, Stockfish -2,80, nötig ist Sb1 !}
Nxb4 31. Re4?? {deutlich besser ist noch Lf3, nach dem Textzug ist bereits
alles aus, Stockfish -4,50} Ned5 32. Rxe8+ Rxe8 33. Rc1 Nd3 34. Rc2???
{absolut indiskutabel, Stockfish -12,00} Re1+ 35. Nb1 b4 36. Be2 Nxf2 37.
Bc4 Nc3 38. Rxc3 {länger überlebt noch Tb2, übersieht ein Matt in 6 !} bxc3
39. Bb3 {Fideltiy Designer: Selbstmatt in 5} Ng4 40. f6 Ne3 41. fxg7 c2 42.
Bxf7+ Kxg7 43. Bd5 cxb1=Q# 0-1
[/pgn]
[pgn]

[Event "Turnier 40 / 120"]
[Site "Wien"]
[Date "2024.10.15"]
[Round "34"]
[White "Mephisto Berlin 68000"]
[Black "Fidelity Designer 2325"]
[Result "1-0"]
[BlackElo "2114"]
[WhiteElo "2128"]

{Analyse: ----> Stockfish 16} 1. e4 e5 2. Nf3 Nc6 3. Bb5 a6 4. Ba4 Nf6 5.
O-O Be7 6. Bxc6 dxc6 7. Qe1 Nd7 {Buchende} 8. b3 {Buchende} f6
{Buchbewertung Fidelity Desinger 2325: -0,08} 9. Bb2 {Buchbewertung
Mephisto Berlin 68000: 0,00 / lt. Stockfish ist die Stellung etwa gleich}
O-O 10. d4 {Mephisto Berlin 68000 wieder im Buch} exd4 11. Nxd4 {Buchende}
Ne5 12. Qc3 c5 13. Nf3 Nf7 14. Nbd2 Qd6 15. Nc4 Qf4 16. Qe3 Qxe3 17. Nxe3
Re8 18. Nh4 Bd6 19. f3 Be6 20. Rad1 c6 21. Nhf5 Bc7 22. Ba3 b6 23. Bb2 Bf4
24. Bc3 Rad8 25. Rxd8 Rxd8 26. g3 Be5 27. Bxe5 Nxe5 28. f4 Ng6 29. Rd1
Rxd1+ 30. Nxd1 Bxf5 31. exf5 Ne7 32. Ne3 Nd5 33. Kf2 b5??? {der erste
Fehler der gesamten Partie, das ist aber leider sofort ein absoluter
Verlustzug, Stockfish -6,00, nach Sxd5, cxd5, b4 ist das Bauernendspiel
verloren.} 34. Nxd5 cxd5 35. b4 {Mephisto Berlin 68000 macht alles richtig,
auf weitere Kommentare kann man hier verzichten !} cxb4 36. Ke3 g5 37. fxg6
hxg6 38. Kd4 {Rest geschenkt} 1-0
[/pgn]
[pgn]

[Event "Turnier 40 / 120"]
[Site "Wien"]
[Date "2024.10.16"]
[Round "35"]
[White "Fidelity Designer 2325"]
[Black "Mephisto Berlin 68000"]
[Result "1/2-1/2"]
[BlackElo "2128"]
[WhiteElo "2114"]

{Analyse: ----> Stockfish 16} 1. e4 c5 2. c3 d5 3. exd5 Qxd5 4. Nf3 e6 5.
d4 {Buchende} Nf6 {Buchende} 6. c4 {Buchbewertung Fidelity Designer 2325:
-0,04} Qe4+ {Buchbewertung Mephisto Berlin 68000: -0,06 / lt. Stockfish ist
die Stellung etwa gleich.} 7. Be3 cxd4 8. Nxd4 Ng4 9. Nc3 Nxe3 10. Nxe4
Nxd1 11. Rxd1 Bb4+ 12. Nc3 {besser ist Ke2 mit Ausgleich, Stockfish -0,60}
Bxc3+ 13. bxc3 Nd7 14. g3 Ne5 {besser ist Tb8, nach dem Textzug ist die
Stellung im Lot.} 15. f4 Ng4 16. c5 e5 17. fxe5 O-O 18. Nf3 Be6 19. Be2
Rfc8 20. c6 bxc6 21. h3 Ne3 22. Rd3 {besser ist Td2 mit Ausgleich,
Stockfish -0,60} Nc4 23. Rd4 Rab8 24. Rh2? {klar zu bevorzugen ist Lxc4,
Stockfish -1,10} Rb1+ 25. Rd1 Rxd1+ 26. Kxd1 Rd8+ 27. Kc1 c5 {besser ist
Sb6, Stockfish +0,50} 28. Bxc4? {ein schwacher Zug, klar zu bevorzugen ist
Sg5, Stockfish -1,20} Bxc4 29. Rd2 Rd3? {ein schlechter Zug, der den
gesamten Vorteil verspielt, danach ist die Stellung im Lot, nötig ist Td5
!} 30. Rxd3 Bxd3 31. Kd2 Bf5 32. g4 Be6 33. a3 h5 34. gxh5 Bxh3 35. Ng5 Bg4
36. Ne4 Bxh5 37. Nxc5 {die Stellung ist Remis, Stockfish 0,00} Kh7 38. Ne4
Kg6 39. c4 Bg4 40. Nd6 Be6 41. c5 Bd7 42. Kc3 f5 43. exf6 Kxf6 44. Kd4 Ke6
45. Nc4 g5 46. Ne5 Bb5 47. Ke4 a6 48. Kd4 Be2 49. Nc6 g4 50. Ke3 Bb5 51.
Nb8? {besser ist natürlich Sb4, aber auch das sollte noch zum Remis
reichen, Stockfish -0,50} Kd5 {besser ist a5, Stockfish 0,00} 52. c6 Kd6
53. Kf4 a5 54. Kxg4 Kc7 55. Nd7 Bxc6 {Der letzte Bauer ist keinesfalls
verwertbar, noch dazu hat ja Schwarz den falschen Läufer, Userentscheid:
Remis} 56. Nf6 1/2-1/2
[/pgn]
[pgn]

[Event "Turnier 40 / 120"]
[Site "Wien"]
[Date "2024.10.17"]
[Round "36"]
[White "Mephisto Berlin 68000"]
[Black "Fidelity Designer 2325"]
[Result "1/2-1/2"]
[BlackElo "2114"]
[WhiteElo "2128"]

{Analyse: -----> Stockfish 16} 1. Nf3 Nf6 2. d4 {Buchende} b6 {Buchende} 3.
Bf4 {Buchbewertung Mephisto Berlin 68000: +0,36} e6 {Buchbewertung Fidelity
Designer 2325: -0,05 / lt. Stockfish steht Weiss minimal besser mit ca.
+0,20} 4. Nbd2 d5 5. e3 Bd6 6. Bxd6 Qxd6 7. c4 O-O 8. Qc2 Na6 9. a3 c5 10.
cxd5 exd5 11. Be2 Re8 12. O-O Bb7 13. Bb5 Re7 14. Ne5 {besser ist cxd5 mit
Ausgleich, Stockfish -0,70} Nc7 15. Qa4 Nxb5 16. Qxb5 Rae8 17. Qa4 a6 18.
Qc2 cxd4 19. exd4 Rc7 20. Qd3 Rec8 21. Nb3 Nh5 22. Qf3 Qh6 23. Rac1 Nf6 24.
Rxc7 Rxc7 25. Qd3 Ne4 26. f3 Nd6 27. Ng4 Qe6 28. Ne5? {ein schlechter Zug,
danach ist Schwarz klar im Vorteil, Stockfish -1,50, nötig ist Se3 mit
Ausgleich.} Nc4? {so aber nicht, danach ist die Stellung wieder im Lot,
nötig ist f6 !} 29. Nxc4 dxc4 30. Qc3 Re7 31. Nc1 f6 32. Rf2 Bd5 33. Re2
Qf7 34. Qd2 Rxe2 35. Nxe2 Qe7 36. Nc3 Bf7 37. Qe2 Qxe2 38. Nxe2 Kf8 {die
Stellung ist Remis, Stockfish 0,00} 39. Kf2 Ke7 40. Nc3 Kd6 41. Ke3 Be8 42.
Ne4+ Ke6 43. f4 Bc6 44. g4 g6 45. g5??? {ein absoluter Verlustzug, danach
ist die Partie klar verloren, Stockfish -8,00, nach Lxe4 ist alles aus,
nötig ist Sg3 und es ist Remis} f5??? {verschenkt sofort wieder den klaren
Sieg, danach ist die Partie wieder Remis, gewonnen hätte wie gesagt, Lxe4
!} 46. Nf6 h5 47. Kd2 h4 48. Kc3 Bd5 49. Kb4 Kd6 50. a4 h3 51. a5 b5 52.
Ne8+ Kc6 53. Kc3 Be4 54. Nf6 Kd6 55. Nxe4+ fxe4 56. f5 e3 57. fxg6 Ke7 58.
d5 b4+ 59. Kxc4 e2 60. d6+ Kd7 61. g7 e1=Q 62. g8=Q Qe2+ 63. Kb3 Qxh2 64.
Qh7+ Kxd6 65. Qd3+ Ke5 66. Qxa6 Qg3+ 67. Ka4 h2 68. Qb5+ Kf4 69. Qc4+ Kxg5
70. Qg8+ Kf4 71. Qc4+ Ke3 72. Qc5+?? {lt. Stockfish ein Verlustzug, nötig
ist Db3+ und es ist Remis, Stockfish -4,00} Ke2??? {verschenkt wieder
alles, Remis, gewonnen hätte Kd2 !} 73. Qc2+ Kf1 74. Qd1+ Kg2 75. Qe2+ Qf2
76. Qg4+ Kf1 77. Qd1+ Qe1 78. Qf3+ Kg1 79. Qg4+ Kh1 80. Qf3+ Kg1 81. Qg4+
Kh1 82. Qf3+ Kg1 {Stellungswiederholung} 1/2-1/2
[/pgn]
[pgn]

[Event "Turnier 40 / 120"]
[Site "Wien"]
[Date "2024.10.20"]
[Round "37"]
[White "Fidelity Designer 2325"]
[Black "Mephisto Berlin 68000"]
[Result "1/2-1/2"]
[BlackElo "2128"]
[WhiteElo "2114"]

{Analyse: -----> Stockfish 16} 1. e4 d6 2. d4 Nf6 3. Nc3 g6 4. f4 Bg7 5.
Nf3 O-O 6. Bd3 Nc6 7. O-O {Buchende} e5 8. dxe5 {Buchbewertung Fidelity
Designer 2325: +0,07} dxe5 {Buchende} 9. fxe5 Nxe5 {Buchbewertung Mephisto
Berlin 68000: +0,12 / lt. Stockfish ist die Stellung exakt im Lot 0,00} 10.
Bf4 Nfg4 11. h3 Nxf3+ 12. Qxf3 Qd4+ 13. Kh1 Ne5 14. Qe3 {besser ist Dg3 mit
Ausgleich, Stockfish -0,50} Qxe3 15. Bxe3 Be6 16. Nb5 {besser ist Tad1,
Stockfish -0,70} Nxd3 {besser ist Tfc8, Stockfish +0,30} 17. cxd3 Bxb2 18.
Rab1 Be5 19. d4 Bxa2 {besser ist entweder a6 oder c6 beides mit ca. +0,20
für Schwarz, Stockfish -0,30} 20. dxe5 Bxb1 21. Rxb1 Rfc8 22. Nxa7 Rcb8??
{ein ganz schlechter Zug, danach ist Weiss bereits klar im Vorteil, nötig
ist Te8 mit minimalem Vorteil für Weiss, Stockfish -1,70} 23. Nb5 Rc8?
{besser ist noch Ta4, nach dem Textzug ist die Partie bereits verloren,
Stockfish -2,30} 24. Nc3 Rcb8 {es geht weiter berab, deutlich besser ist
noch c6, Stockfish -3,00} 25. Nd5 Ra4? {spätestens danach ist alles aus,
Stockfish -5,00, deutlich mehr Widerstand leistet noch h5} 26. Nf6+?? {ein
ganz schlechter Zug, der ca. 2 Bauerneinheiten einbüsst, Stockfish +3,00,
nötig ist Lh6 !} Kg7 27. Nd7?? {ein ganz schlechter Zug, der den Vorteil
von Weiss etwa halbiert, Stockfish +1,60, nötig ist Td1 !} Rc8 {besser ist
Tba8, Stockfish -2,20} 28. Rxb7? {ein ganz schlechter Zug, der den Vorteil
von Weiss neuerlich etwa halbiert, Stockfish nur noch +1,00, hier aber nur
ein Fragezeichen, da der richtige Zug Sf6 ! nicht spielbar ist für Fidelity
Designer 2325, da Stellungswiederholung !} Rxe4 29. Bg5 Re2? {ein
schlechter Zug, danach ist Weiss wieder klar im Vorteil, Stockfish -1,70,
deutlich besser ist h6 !} 30. Bf6+ Kg8 31. Be7 Kg7 32. Ra7 {deutlich besser
ist Kh2, Stockfish +1,10} Rd2 {besser ist h6, Stockfish -1,60} 33. Nf6
{besser ist Lf6+, Stockfish +1,00} Rc2? {ein schlechter Zug, danach ist
Schwarz bereits klar auf der Verliererstrasse, Stockfish -2,10, deutlich
besser ist h6 !} 34. Nd5 h5? {deutlich besser ist h6, Stockfish -3,00} 35.
Bf6+ Kh6 36. Kh2 Rc5 37. Ne3? {ein schwacher Zug, der etwa 1 Bauerneinheit
einbüsst, Stockfish +2,00} Rb8 38. h4 Kh7 39. Kg3 Rc3 40. Kf3 Rc5?
{deutlich besser ist Kg8, Stockfish -3,00} 41. g4??? {ein Katastrophenzug,
der alles verschenkt, danach ist die Stellung Lot, nötig ist Ta3 !} hxg4+
42. Kxg4 Kh6?? {ein ganz schlechter Zug, danach ist Weiss wieder klar im
Vorteil, nötig ist Tc3, Stockfish -2,00} 43. Kf4 Rb4+? {deutlich besser ist
Kh7, Stockfish -2,80} 44. Kf3 Rb8 45. Kg4?? {ein ganz schlechter Zug, der
den Vorteil von Weiss mehr mehr als halbiert, Stockfish +1,10, nötig ist
Ta3 !} Rb4+?? {ganz schwach schenkt gleich wieder alles retour, nötig ist
Tc3, Stockfish -2,80} 46. Kg3 {besser ist Kf3, aber das geht nicht wegen
Stellungswiederholung, Stockfish +2,00} Rb8 47. Kf3 Kh5?? {ein ganz
schlechter Zug, danach ist die Partie bereits klar verloren, Stockfish
-3,30, nötig ist Kh7 !} 48. Ra6?? {ein ganz schlechter Zug, der den Vorteil
von Weiss nahezu halbiert, Stockfish +1,80, nötig ist Ta4 !} Rcb5 49. e6???
{ein Katastrophenzug, der alle Gewinnchancen verspielt, danach ist die
Partie bereits klar Remis, Stockfish 0,00, nötig ist Tc6 !} fxe6 50. Rxe6
R8b6 51. Rxb6 Rxb6 52. Be7 Re6 53. Bg5 {der H-Bauer ist sicher vom Läufer
gedeckt, der G-Bauer, daher kein Freibauer und der C-Bauer ist natürlich
gegen 2 Leichtfiguren auch nicht mehr voran zu bringen, Userentscheid:
Remis} 1/2-1/2
[/pgn]
[pgn]

[Event "Turnier 40 / 120"]
[Site "Wien"]
[Date "2024.09.30"]
[Round "38"]
[White "Mephisto Berlin 68000"]
[Black "Fidelity Designer 2325"]
[Result "1-0"]
[BlackElo "2114"]
[WhiteElo "2128"]

{Analyse: -----> Stockfish 16} 1. Nf3 d5 2. d4 Nf6 3. c4 c6 4. Nc3 e6 5. e3
Nbd7 6. Bd3 dxc4 7. Bxc4 b5 8. Bd3 a6 9. e4 c5 10. e5 cxd4 11. Nxb5 axb5
12. exf6 Qb6 13. fxg7 Bxg7 14. O-O {Buchende} Bb7 {Buchende} 15. Qe2
{Buchbewertung Mephisto Berlin 68000: +0,39} b4 {Buchbewertung Fidelity
Designer 2325: -0,48 / lt. Stockfish steht Weiss hauchdünn besser mit ca.
+0,20} 16. Bf4 Nc5 {etwas besser ist 0-0, Stockfish -0,40} 17. Rfd1 {besser
ist Lb5+ oder Se5, die Stellung ist im Lot.} O-O 18. Bc4 Rfd8 19. Ne5 Ba6?
{ein schlechter Zug, Stockfish -1,00, nötig ist Le4 mit Ausgleich.} 20. Qg4
f6 21. Bxa6 {besser ist Tac1, Stockfish +0,70} Rxa6 22. Nd3 {richtig wäre
hier Tac1, aber das kann man nicht verlangen von einem Oldie, danach könnte
ja der Springer e5 genommen, werden, was Schwarz aber gar nicht sollte,
danach wäre Weiss klar im Vorteil, aber nach einer Variante deren
Rechentiefe einfach unmöglich ist für einen Oldie, daher hier kein
Fragezeichen, nach dem Textzug ist die Stellung exakt im Lot, Stockfish
0,00} Nxd3 {besser ist e5 mit Ausgleich, Stockfish -0,60} 23. Rxd3 Ra7 24.
Rb3 {besser ist Tg3, Stockfish +0,20} f5 {besser ist e5, Stockfish -0,60}
25. Qg5 Rc8 26. Bd2 {besser ist h4, Stockfish +0,30} Rc4? {ein schwacher
Zug, klar zu bevorzugen ist Dd8, Stockfish -1,00} 27. a3 {besser ist h4,
Stockfish +0,60} Qd6 {ein schwacher Zug, klar zu bevorzugen ist Dc7,
Stockfish -1,20} 28. h3 bxa3?? {lt. Stockfish bereits ein klarer
Verlustzug, -3,00, nötig ist De7 !} 29. Rbxa3 Rxa3 30. Rxa3 Qd7 31. Ra8+??
{ein grottenschlechter Zug, danach ist die Stellung in Lot, gewonnen hätte
Lf4 !} Rc8 32. Rxc8+ Qxc8 33. Bf4 Qd7??? {Selbstmord, mehr braucht man dazu
nicht zu sagen, danach ist die Partie sofort verloren, die Figuren werden
getauscht und der weisse Bauer am Damenflügel ist einfach zu weit entfernt,
Stockfish -8,00} 34. Be5 h6 35. Qxg7+ Qxg7 36. Bxg7 Kxg7 37. f4 Kf6 38. b4
Ke7 39. g4 {Matt in 22} fxg4 40. hxg4 e5 41. f5 {Rest geschenkt} 1-0
[/pgn]
[pgn]

[Event "Turnier 40 / 120"]
[Site "Wien"]
[Date "2024.10.21"]
[Round "39"]
[White "Fidelity Designer 2325"]
[Black "Mephisto Berlin 68000"]
[Result "0-1"]
[BlackElo "2128"]
[WhiteElo "2114"]

{Analyse: ----> Stockfish 16} 1. g3 {Buchende} d5 2. Nf3 Nf6 3. Bg2
{Fidelity Designer 2325 wieder im Buch} Bf5 {Buchende} 4. O-O c6
{Buchbewertung Mephisto Berlin 68000: -0,01} 5. b3 e6 6. Bb2 {Buchende} Bd6
7. e3 {Buchbewertung Fidelity Desinger 2325: 0,00 / lt. Stockfish steht
Schwarz minimal besser mit ca. +0,20} Nbd7 8. d4 O-O 9. Nh4 Be4 10. f3 Bg6
11. Nxg6 hxg6 12. c4 c5 13. Nc3 cxd4 14. exd4 Bb4 15. a3 Bxc3 16. Bxc3 Qc7
17. Bb4 Rfc8 18. Rc1 Qb6? {ein schwacher Zug, klar zu bevorzugen ist dxc4
mit leichtem Vorteil für Schwarz, Stockfish -0,80} 19. Re1? {ein schwacher
Zug, danach ist die Stellung im Lot, nötig ist c5 !} a5 {besser ist wieder
dxc4 mit Ausgleich, Stockfish -0,70} 20. Be7 {wieder ist c5 besser,
Stockfish +0,20} a4 21. Re3 {immer noch ist c5 zu bevorzugen, Stockfish
-0,50} axb3 22. Rxb3 Qc6 {besser ist Da7, nach dem Textzug ist die Stellung
im Lot.} 23. Bf1 b6 24. Qd2 {besser ist c5 mit Ausgleich, Stockfish -0,60}
Qa4 {besser ist dxc4, die Stellung ist im Lot.} 25. Rbc3 Rc7 26. Qf4 Rc6
27. Bb4 Nh5 28. Qg5 Nhf6 29. Bd3 Rcc8 30. Kg2 Rc7 31. Qh4 Rac8 32. Qh3???
{ein absoluter Verlustzug, danach ist die Partie bereits klar verloren,
Stockfish -3,50, nötig ist Dg5 mit Ausgleich} Nb8?? {so aber nicht,
verspielt etwa 2 Bauerneinheiten, Schwarz bleibt aber noch klar im Vorteil,
Stockfish +1,50, gewonnen hätte dxc4} 33. Bd6 {besser ist Dh4, Stockfish
-1,80} Rc6 34. Bxb8?? {klarer Verlustzug, deutlich mehr Widerstand leistet
Lb4, Stockfish -3,20} Rxb8 35. Kh1?? {weit besser ist noch Dh4, nach dem
Textzug ist alles aus, Stockfish -5,00} Rbc8? {ein schlechter Zug, der ca.
2 Bauerneinheiten einbüsst, dennoch steht Schwarz klar auf Gewinn,
Stockfish +3,00} 36. Bc2?? {ganz schlecht, Stockfish -4,50, nötig ist Lf1}
Qa6 37. Bd3? {deutlich besser ist noch c5, aber hier ist es schon egal,
Stockfish -5,50, hier beende ich die Kommentierung hier gewinnt bereits
jede halbwegs plausible Fortsetzung eine Figur hinstellen wird ein Computer
wohl nicht, hier ist alles klar, ausser es folgt noch ein Megabock.} dxc4
38. Qf1 b5 39. Be4 Rd6 40. Rd1 Qa7 41. Qg1 Rcd8 42. Qe1 Rxd4 43. Rxd4 Qxd4
44. Bc6 Qc5 45. Be4 Nd5 46. Bxd5 exd5 {dazu muss man nichts mehr sagen,
Userentscheid: 0-1} 0-1
[/pgn]
[pgn]

[Event "Turnier 40 / 120"]
[Site "Wien"]
[Date "2024.10.23"]
[Round "40"]
[White "Mephisto Berlin 68000"]
[Black "Fidelity Designer 2325"]
[Result "1-0"]
[BlackElo "2114"]
[WhiteElo "2128"]

{Analyse: ----> Stockfish 16} 1. e4 c5 2. Nf3 d6 3. d4 cxd4 4. Nxd4 Nf6 5.
Nc3 Nc6 6. Bg5 e6 7. Qd2 a6 8. O-O-O Bd7 9. f4 {Buchende} h6 10. Bh4
{Buchbewertung Mephisto Berlin 68000: +0,66} Nxe4 {Buchende} 11. Nxe4
{besser ist De1} Qxh4 {Buchbewertung Fidelity Designer 2325: -0,32 / lt.
Stockfish ist die Stellung exakt im Lot 0,00} 12. Nf3 Qe7 13. Qe3 Qd8 14.
Nxd6+ Bxd6 15. Rxd6 Qc7 16. Qd2 Rd8 17. Bc4 Ne7 18. Rd3 Qxc4 19. Rxd7 Rxd7
20. Qxd7+ Kxd7 21. Ne5+ Kc7 22. Nxc4 g5 23. Rf1 gxf4 24. Rxf4 Rf8 25. Rf6
Ng8 26. Rf3 b5 27. Nd2 Ne7 28. Rf6 Ng6 29. Ne4 Kc6 30. b4 Kd7 31. Nc5+ Ke7
32. Rf3 Rg8 33. Nxa6 Ne5 34. Rg3 Rxg3 35. hxg3 Nc4 {Trotz des Mehrbauern
und der Tatsache, dass Weiss am Damenflügel 3 gegen 1 Bauern hat ist die
Stellung lt. Stockfish Remis.} 36. Nc5 f6 37. a4 bxa4 38. Nxa4 Kd6 39. Nb2
Ne3 40. Kd2 Nf1+ 41. Kd3 Nxg3 42. c4 f5 {etwas besser ist Sf5 mit
Ausgleich, Stockfish -0,50} 43. c5+ Kd5 44. Nd1 Ne4 45. Ne3+ Kc6 46. Kd4
Nf2??? {schade um diese bis zu diesem Zeitpunkt nahezu perfekte Partie
beider Geräte, der erste Fehler im Spiel ist sofort ein absoluter
Verlustzug, danach ist die Partie sofort verloren, Stockfish -6,50, für
Ausgleich hätte h5 ! gesorgt.} 47. Kc4 f4 48. Nc2 Ng4 49. b5+ Kb7 50. Ne1
Ne3+ 51. Kd4 Nd5 52. Nd3 h5 53. b6??? {ein absoluter Katastropenzug, der
den Sieg verschenkt, danach ist die Partie Remis, gewonnen hätte natürlich
Ke5 !} h4??? {ein Katastrophenzug, verpasst die Remischance, danach ist die
Partie wieder verloren, Stockfish -13,00, das Remis gesichert hätte f3 !}
54. Ke4 f3 {die pure Verzweiflung, warum nicht gleich} 55. Kxf3 {Rest
geschenkt} 1-0
[/pgn]
[pgn]

[Event "Turnier 40 / 120"]
[Site "Wien"]
[Date "2024.10.25"]
[Round "41"]
[White "Fidelity Designer 2325"]
[Black "Mephisto Berlin 68000"]
[Result "1/2-1/2"]
[BlackElo "2128"]
[WhiteElo "2114"]

{Analyse: ----> Stockfish 16} 1. d4 d5 2. Nf3 {Buchende} c6 3. e3
{Buchbewertung Fidelity Designer 2325: +0,19} Nf6 4. Bd3 Bg4 {Buchende} 5.
h3 Bh5 {Buchbewertung Mephisto Berlin 68000: +0,24 / lt. Stockfish ist die
Stellung etwa gleich.} 6. Nbd2 e6 7. c4 Nbd7 8. Qb3 b6 9. O-O Bd6 10. Qa4
Qc7 11. b3 e5 12. dxe5 Nxe5 13. Nxe5 Bxe5 14. Rb1 O-O 15. cxd5 cxd5 16. g4
Bg6 17. Bxg6 fxg6 18. Ba3 Bd6 19. Rbc1 Qe7 20. Bxd6 Qxd6 21. Rc6 Qe5 22.
Rfc1 Nd7 23. b4 Rf7 24. Nb3? {ein schlechter Zug, danach ist Schwarz im
Vorteil, deutlich besser ist Tc8+ mit leichtem Vorteil für Weiss, Stockfish
-1,00} Raf8 25. Rc8 Qe7? {danach ist die Stellung wieder im Lot, nötig war
Txf2 !} 26. Rxf8+ Nxf8 27. Rc2 {besser ist Db5 mit Ausgleich, Stockfish
-0,60} Qh4 28. Kg2 h5 29. f3 Qe1 30. Qe8 hxg4 31. hxg4 Qxb4 32. Qe5 Qe7 33.
Qxe7 Rxe7 34. Kf2 Ne6 35. Rc6 Nf8 36. Rc8 Kf7 37. Nd4 Ne6 38. Nc6 Rc7 39.
Rxc7+ Nxc7 40. Nxa7 g5 41. Ke2 Ke6 42. Nc8 b5 43. Kd2 Kd7 44. Na7 b4 45.
Kd3 {die Stellung ist Remis, Stockfish 0,00} Kd6 46. Nc8+ Kd7 47. Nb6+ Kc6
48. Na4 Ne6 49. Nb2 d4 50. e4 Kb5 51. Nc4 Kc5 52. Ne5 Kd6 53. Ng6 Kc5 54.
Kd2 Kd6 55. Kc2 Nc5 56. Kc1??? {ein absoluter Verlustzug, danach ist die
Partie sofort verloren, Stockfish -6,00, natürlich Kd2 und es ist Remis.}
Ke6 57. Kd2 Kf6 58. Nf8 Kf7 59. Nh7 Ne6 60. Kd3 Kg6 61. Nf8+ Nxf8 62. Kxd4
Kf7 63. Kc4 Kf6??? {ein absoluter Katastrophenzug, der den Sieg verschenkt,
danach ist die Partie Remis, gewonnen hätte Ke6 bereits mit über +12,00 !}
64. Kxb4 Ke5 65. a4 Kd6 66. Kb5 Nd7 67. a5 Kc7 68. Kc4 Ne5+ 69. Kd5 Nxf3
70. Ke6 Kb7 71. Kf5 Ka6 72. e5 Kxa5 73. e6 Nd4+ 74. Kxg5 Nxe6+ 75. Kg6 Kb4
76. Kf7 Ng5+ 77. Kxg7 {Userentscheid: Remis} 1/2-1/2
[/pgn]
[pgn]